Basics Fashion Design 10: (Record no. 15065)
[ view plain ]
| 000 -LEADER | |
|---|---|
| fixed length control field | 00600nam a22001817a 4500 |
| 008 - FIXED-LENGTH DATA ELEMENTS--GENERAL INFORMATION | |
| fixed length control field | 161021b xxu||||| |||| 00| 0 eng d |
| 020 ## - INTERNATIONAL STANDARD BOOK NUMBER | |
| International Standard Book Number | 9782940411948 |
| 050 ## - LIBRARY OF CONGRESS CALL NUMBER | |
| Classification number | NK 7304 .G357 2012 |
| 100 ## - MAIN ENTRY--PERSONAL NAME | |
| Personal name | Galton,Elizabeth |
| 245 ## - TITLE STATEMENT | |
| Title | Basics Fashion Design 10: |
| Remainder of title | Jewellery Design/ |
| Statement of responsibility, etc. | Elizabeth Galton |
| 260 ## - PUBLICATION, DISTRIBUTION, ETC. (IMPRINT) | |
| Place of publication, distribution, etc. | Singapore : |
| Name of publisher, distributor, etc. | ava publishing, |
| Date of publication, distribution, etc. | c2012 |
| 300 ## - PHYSICAL DESCRIPTION | |
| Extent | 175p. : |
| Other physical details | ill. ; |
| Dimensions | 16cm |
| 500 ## - GENERAL NOTE | |
| General note | Includes index. |
| 650 ## - SUBJECT ADDED ENTRY--TOPICAL TERM | |
| Topical term or geographic name as entry element | Jewellery making |
| 650 ## - SUBJECT ADDED ENTRY--TOPICAL TERM | |
| Topical term or geographic name as entry element | Jewellery making |
| General subdivision | study and teaching |
| 650 ## - SUBJECT ADDED ENTRY--TOPICAL TERM | |
| Topical term or geographic name as entry element | Jewellery |
| General subdivision | Design |
| 942 ## - ADDED ENTRY ELEMENTS (KOHA) | |
| Source of classification or shelving scheme | |
| Koha item type | Short Loan Books |
| Classification part | NK 7304 .G357 2012 |
No items available.